Miraculous: Tales of Ladybug & Cat Noir by Picture - Statistics

General Stats
  • This quiz has been taken 112 times
  • The average score is 12 of 16
Answer Stats
Picture Answer % Correct
Ladybug
92%
Cat Noir
87%
Tikki
87%
Plagg
84%
Hawk Moth
82%
Nooroo
79%
Rena Rouge
79%
Cat Blanc
77%
Master Fu
77%
Carapace
74%
Adrien Agreste
73%
Stormy Weather
63%
Marinette Dupain-Cheng
61%
Dark Cupid
60%
Alya Césaire
50%
Nino Lahiffe
35%
No matching quizzes found
Score Distribution
Percent of People with Each Score
Percentile by Number Answered
Your Score History
You have not taken this quiz